[Event "13e Festival CG Meurthe et Moselle"]
[Site "Nancy"]
[Date "2015.02.21"]
[Round "1.3"]
[White "Warin, Jean-Louis"]
[Black "Bauer, Christian"]
[Result "0-1"]
[WhiteElo "1800"]
[BlackElo "2700"]
[PlyCount "41"]
[EventDate "2015.02.21"]
[EventType "swiss (blitz)"]
[EventRounds "11"]
[EventCountry "FRA"]

1. d4 Nc6 2. Nf3 d6 3. Bf4 g6 4. e3 Bg7 5. Nbd2 e5 6. dxe5 dxe5 7. Bg3 Nh6 8.
h3 Nf5 9. Bh2 O-O 10. Bc4 Nd6 11. Bb3 e4 12. Ng1 Qg5 13. g3 Bxb2 14. Rb1 Bg7
15. Ne2 Bxh3 16. Nf4 Bg4 17. Qc1 Rad8 18. a4 Bc3 19. O-O Ne5 20. Kg2 Nf5 21.
Rh1 0-1

[Event "13e Festival CG Meurthe et Moselle"]
[Site "Nancy"]
[Date "2015.02.21"]
[Round "1.4"]
[White "Feller, Sebastien"]
[Black "Airoldi, Roger"]
[Result "1-0"]
[WhiteElo "2660"]
[BlackElo "1790"]
[PlyCount "43"]
[EventDate "2015.02.21"]
[EventType "swiss (blitz)"]
[EventRounds "11"]
[EventCountry "FRA"]

1. c4 Nf6 2. Nc3 g6 3. g3 Bg7 4. Bg2 c6 5. e4 d6 6. Nge2 O-O 7. O-O Nbd7 8. d3
Nb6 9. h3 Ne8 10. Bg5 h6 11. Be3 f5 12. Qd2 Kh7 13. b3 e5 14. d4 Be6 15. Rad1
Qe7 16. f4 exd4 17. Nxd4 Bg8 18. exf5 gxf5 19. Qd3 Rd8 20. Nxf5 Qf6 21. Nxg7+
Qg6 22. Be4 1-0

[Event "13e Festival CG Meurthe et Moselle"]
[Site "Nancy"]
[Date "2015.02.21"]
[Round "1.5"]
[White "Verwee, Johann"]
[Black "Dobrov, Vladimir"]
[Result "0-1"]
[WhiteElo "1790"]
[BlackElo "2603"]
[PlyCount "54"]
[EventDate "2015.02.21"]
[EventType "swiss (blitz)"]
[EventRounds "11"]
[EventCountry "FRA"]

1. e4 e6 2. d4 d5 3. Nc3 Bb4 4. Nge2 dxe4 5. a3 Be7 6. Nxe4 Nf6 7. N2c3 Nc6 8.
Bb5 O-O 9. Be3 Nxe4 10. Nxe4 Qd5 11. Bd3 Nxd4 12. Bxd4 Qxd4 13. c3 Qb6 14. Qc2
f5 15. Nd2 e5 16. Bc4+ Kh8 17. O-O-O Be6 18. Qb3 Qxb3 19. Bxb3 Bxb3 20. Nxb3 b6
21. Kc2 Rad8 22. Rxd8 Rxd8 23. Rd1 Rxd1 24. Kxd1 Kg8 25. Ke2 Kf7 26. Nd2 Ke6
27. c4 a5 0-1

[Event "13e Festival CG Meurthe et Moselle"]
[Site "Nancy"]
[Date "2015.02.21"]
[Round "1.6"]
[White "Shchekachev, Andrei"]
[Black "Andres-Domenech, Pablo"]
[Result "1-0"]
[WhiteElo "2600"]
[BlackElo "1780"]
[PlyCount "47"]
[EventDate "2015.02.21"]
[EventType "swiss (blitz)"]
[EventRounds "11"]
[EventCountry "FRA"]

1. Nf3 d5 2. d4 e6 3. c4 Nf6 4. Nc3 Bb4 5. Bg5 Nc6 6. e3 O-O 7. Rc1 h6 8. Bh4
Re8 9. Be2 dxc4 10. O-O Bxc3 11. Rxc3 b5 12. b3 Ba6 13. bxc4 b4 14. Rc1 Bb7 15.
Qa4 a5 16. Bxf6 Qxf6 17. c5 Red8 18. a3 bxa3 19. Qxa3 Nb4 20. Ne5 Bd5 21. Rfd1
Qg5 22. f3 f6 23. Ng4 h5 24. Nf2 1-0

[Event "13e Festival CG Meurthe et Moselle"]
[Site "Nancy"]
[Date "2015.02.21"]
[Round "1.7"]
[White "François, Tham"]
[Black "Tkachiev, Vladislav"]
[Result "1-0"]
[WhiteElo "1780"]
[BlackElo "2600"]
[PlyCount "45"]
[EventDate "2015.02.21"]
[EventType "swiss (blitz)"]
[EventRounds "11"]
[EventCountry "FRA"]

1. d4 Nf6 2. Nf3 g6 3. e3 Bg7 4. Bc4 O-O 5. O-O d6 6. c3 Nbd7 7. Nbd2 e5 8. e4
h6 9. Re1 b6 10. Nf1 Bb7 11. Ng3 exd4 12. cxd4 Nxe4 13. Nxe4 d5 14. Bd3 dxe4
15. Bxe4 Bxe4 16. Rxe4 c5 17. Bf4 cxd4 18. Nxd4 Nc5 19. Re1 Bxd4 20. Bxh6 Bxf2+
21. Kxf2 Qh4+ 22. g3 Qxg3+ 23. hxg3 1-0

[Event "13e Festival CG Meurthe et Moselle"]
[Site "Nancy"]
[Date "2015.02.21"]
[Round "1.9"]
[White "Vigneron, Quentin"]
[Black "Guliyev, Namig"]
[Result "0-1"]
[WhiteElo "1780"]
[BlackElo "2520"]
[PlyCount "62"]
[EventDate "2015.02.21"]
[EventType "swiss (blitz)"]
[EventRounds "11"]
[EventCountry "FRA"]

1. e4 c5 2. Nf3 d6 3. d4 cxd4 4. Nxd4 Nf6 5. Nc3 a6 6. Bc4 e6 7. Bb3 Nbd7 8.
Bg5 h6 9. Bh4 Nc5 10. O-O Be7 11. Re1 O-O 12. Bg3 Bd7 13. f4 Rc8 14. Qd2 b5 15.
e5 dxe5 16. fxe5 Nh7 17. Nd1 Qb6 18. Kh1 Ng5 19. Nf2 Rfd8 20. c3 b4 21. Qe3
Nxb3 22. axb3 Bc5 23. Rad1 Be8 24. Qf4 bxc3 25. bxc3 Bxd4 26. Rxd4 Qxb3 27.
Rxd8 Rxd8 28. Qb4 Qxb4 29. cxb4 Rd2 30. Ne4 Nxe4 31. Rxe4 Bc6 0-1

[Event "13e Festival CG Meurthe et Moselle"]
[Site "Nancy"]
[Date "2015.02.21"]
[Round "1.10"]
[White "Sebag, Marie"]
[Black "Capaces, Francois"]
[Result "1-0"]
[WhiteElo "2520"]
[BlackElo "1760"]
[PlyCount "39"]
[EventDate "2015.02.21"]
[EventType "swiss (blitz)"]
[EventRounds "11"]
[EventCountry "FRA"]

1. e4 e5 2. Nf3 d6 3. d4 f5 4. Nc3 fxe4 5. Nxe4 d5 6. Neg5 e4 7. Ne5 Qf6 8.
Ngf7 g6 9. Nxh8 Qxh8 10. c4 Bd6 11. cxd5 Bxe5 12. dxe5 Qxe5 13. Be3 Nf6 14. Qd4
Nbd7 15. Qxe5+ Nxe5 16. Bd4 Ned7 17. Bc4 Ng8 18. d6 Nh6 19. dxc7 Nf5 20. O-O-O
1-0

[Event "13e Festival CG Meurthe et Moselle"]
[Site "Nancy"]
[Date "2015.02.21"]
[Round "2.2"]
[White "Bauer, Laurent"]
[Black "Fedorchuk, Sergey A"]
[Result "0-1"]
[WhiteElo "2090"]
[BlackElo "2730"]
[PlyCount "70"]
[EventDate "2015.02.21"]
[EventType "swiss (blitz)"]
[EventRounds "11"]
[EventCountry "FRA"]

1. c4 e5 2. Nc3 Nc6 3. g3 Bc5 4. Bg2 a6 5. e3 d6 6. Nge2 h5 7. d4 Ba7 8. b3 h4
9. Bb2 Nf6 10. Nd5 h3 11. Bf3 Bf5 12. dxe5 dxe5 13. Nec3 e4 14. Be2 Ne5 15.
Nxf6+ Qxf6 16. Nd5 Nd3+ 17. Bxd3 Qxb2 18. Nxc7+ Kf8 19. Nxa8 Qc3+ 20. Kf1 exd3
21. Rc1 Qb2 22. Nc7 Bxe3 23. fxe3 Qg2+ 24. Ke1 Qxh1+ 25. Kd2 Qxh2+ 26. Kc3 Qxg3
27. Nd5 Qe5+ 28. Kb4 h2 29. Qf3 Be4 30. Qg4 g6 31. Nf4 d2 32. Rf1 h1=Q 33.
Nxg6+ Bxg6 34. Qc8+ Kg7 35. Qxh8+ Qxh8 0-1

[Event "13e Festival CG Meurthe et Moselle"]
[Site "Nancy"]
[Date "2015.02.21"]
[Round "2.3"]
[White "Bauer, Christian"]
[Black "Jouniaux, Quentin"]
[Result "1-0"]
[WhiteElo "2700"]
[BlackElo "2090"]
[PlyCount "61"]
[EventDate "2015.02.21"]
[EventType "swiss (blitz)"]
[EventRounds "11"]
[EventCountry "FRA"]

1. d4 d5 2. Bf4 Nf6 3. e3 Bf5 4. c4 e6 5. Nc3 c6 6. Qb3 Qb6 7. c5 Qxb3 8. axb3
Nbd7 9. b4 Be7 10. h3 O-O 11. b5 cxb5 12. Bxb5 a6 13. Be2 Rfc8 14. Nf3 a5 15.
Bb5 Nb8 16. Na4 Bd8 17. Ne5 Nc6 18. Bxc6 bxc6 19. O-O Ne4 20. g4 Bg6 21. Rfd1
Rcb8 22. Nxc6 Bh4 23. Nxb8 Bxf2+ 24. Kg2 Bh4 25. Nb6 Ra7 26. Nc6 Ra6 27. Rxa5
Rxa5 28. Nxa5 Nf6 29. c6 Be4+ 30. Kf1 Bf3 31. c7 1-0

[Event "13e Festival CG Meurthe et Moselle"]
[Site "Nancy"]
[Date "2015.02.21"]
[Round "3.4"]
[White "Pepin, Olivier"]
[Black "Feller, Sebastien"]
[Result "1-0"]
[WhiteElo "2090"]
[BlackElo "2660"]
[PlyCount "41"]
[EventDate "2015.02.21"]
[EventType "swiss (blitz)"]
[EventRounds "11"]
[EventCountry "FRA"]

1. e4 e5 2. Nf3 Nc6 3. d4 exd4 4. Bc4 Nf6 5. O-O Nxe4 6. Re1 d5 7. Bxd5 Qxd5 8.
Nc3 Qa5 9. Nxe4 Be6 10. Neg5 O-O-O 11. Nxe6 fxe6 12. Ng5 Re8 13. Rxe6 Bd6 14.
Qe2 Rxe6 15. Qxe6+ Kb8 16. Nf3 Ne5 17. Bg5 Nxf3+ 18. gxf3 Qxg5+ 19. Kf1 a6 20.
Re1 Bxh2 21. f4 1-0

[Event "13e Festival CG Meurthe et Moselle"]
[Site "Nancy"]
[Date "2015.02.21"]
[Round "2.5"]
[White "Dobrov, Vladimir"]
[Black "Timmermans, Mark"]
[Result "1-0"]
[WhiteElo "2603"]
[BlackElo "2070"]
[PlyCount "103"]
[EventDate "2015.02.21"]
[EventType "swiss (blitz)"]
[EventRounds "11"]
[EventCountry "FRA"]

1. Nf3 b5 2. e3 b4 3. a3 bxa3 4. Nxa3 e6 5. b3 Nf6 6. Bb2 Be7 7. Nc4 O-O 8. Be2
c5 9. Rg1 d5 10. Nce5 Nfd7 11. h4 Nxe5 12. Nxe5 Bb7 13. h5 Nc6 14. Ba6 Qc7 15.
Bxb7 Qxb7 16. Qg4 f5 17. Qe2 Bf6 18. f4 Bxe5 19. fxe5 Nb4 20. Kd1 Rac8 21. Ra4
c4 22. Bc3 Nxc2 23. b4 Qb5 24. Ra5 Nxe3+ 25. Qxe3 Qe8 26. h6 Qh5+ 27. Kc1 gxh6
28. Rxa7 Rf7 29. g4 fxg4 30. Rxf7 Kxf7 31. Qf4+ Qf5 32. Qxg4 Qxg4 33. Rxg4 Rb8
34. d3 cxd3 35. Kd2 h5 36. Rg5 h6 37. Rxh5 Kg6 38. Rh1 h5 39. Kxd3 Kg5 40. Bd2+
Kg4 41. Rg1+ Kh3 42. Rg6 Re8 43. Rh6 Kg4 44. Kd4 h4 45. Be1 Rc8 46. Rxh4+ Kg5
47. Rh2 Rc4+ 48. Kd3 Kf5 49. Bc3 Rg4 50. Rf2+ Kg5 51. Bd2+ Kh5 52. Rf6 1-0

[Event "13e Festival CG Meurthe et Moselle"]
[Site "Nancy"]
[Date "2015.02.21"]
[Round "2.6"]
[White "Fischer, Julie"]
[Black "Shchekachev, Andrei"]
[Result "0-1"]
[WhiteElo "2070"]
[BlackElo "2600"]
[PlyCount "54"]
[EventDate "2015.02.21"]
[EventType "swiss (blitz)"]
[EventRounds "11"]
[EventCountry "FRA"]

1. e4 c5 2. Nc3 a6 3. g3 b5 4. Bg2 Bb7 5. Nge2 e6 6. Nf4 d6 7. O-O Nc6 8. d3
Be7 9. Qg4 g6 10. h4 Nf6 11. Qh3 Nd4 12. h5 g5 13. Nfe2 g4 14. Qh4 Nf3+ 15.
Bxf3 gxf3 16. Nf4 Nxe4 17. Qg4 Ng5 18. Nh3 f5 19. Qh4 Ne4 20. Qf4 Nxc3 21. bxc3
Qd7 22. Qh6 O-O-O 23. Ng5 e5 24. Nf7 f4 25. Kh2 Qg4 26. Nxd8 Kxd8 27. Bd2 Bc8
0-1

[Event "13e Festival CG Meurthe et Moselle"]
[Site "Nancy"]
[Date "2015.02.21"]
[Round "2.7"]
[White "Tkachiev, Vladislav"]
[Black "Hameau, Cyrille"]
[Result "0-1"]
[WhiteElo "2600"]
[BlackElo "2070"]
[PlyCount "91"]
[EventDate "2015.02.21"]
[EventType "swiss (blitz)"]
[EventRounds "11"]
[EventCountry "FRA"]

1. d4 Nf6 2. c4 g6 3. g3 Bg7 4. Bg2 d6 5. Nf3 O-O 6. O-O c5 7. Nc3 cxd4 8. Nxd4
Qb6 9. Ndb5 a6 10. Be3 Qd8 11. Nd4 Ng4 12. Bg5 h6 13. Bc1 Qb6 14. e3 Ne5 15. b3
Nbc6 16. Nd5 Qd8 17. Bb2 Rb8 18. h3 e6 19. Nc3 Nxd4 20. exd4 Nc6 21. Ne2 Ne7
22. Qd2 d5 23. Ba3 Re8 24. Rad1 b5 25. cxb5 axb5 26. Bc5 Nc6 27. Rc1 Bb7 28. a3
Na5 29. Qd3 Ba6 30. Bb4 Qb6 31. Rc2 Nc6 32. Bc5 Qb7 33. b4 Qd7 34. Nf4 Bb7 35.
Rd1 Ba8 36. h4 Ne7 37. Bh3 Nf5 38. Qf3 h5 39. Re2 Nd6 40. Qd3 Ne4 41. Kh2 Nxc5
42. dxc5 Bc6 43. Rde1 Qc7 44. Nxh5 gxh5 45. Qg6 fxg6 46. Bxe6+ 0-1

[Event "13e Festival CG Meurthe et Moselle"]
[Site "Nancy"]
[Date "2015.02.21"]
[Round "2.8"]
[White "Zienkiewicz, Geoffroy"]
[Black "Gopal, G.N.."]
[Result "0-1"]
[WhiteElo "2070"]
[BlackElo "2538"]
[PlyCount "56"]
[EventDate "2015.02.21"]
[EventType "swiss (blitz)"]
[EventRounds "11"]
[EventCountry "FRA"]

1. d4 Nf6 2. Bg5 d5 3. Bxf6 exf6 4. e3 Bd6 5. g3 c6 6. Bg2 Nd7 7. Ne2 f5 8. O-O
Nf6 9. b3 h5 10. c4 Be6 11. Qd3 h4 12. Nbc3 Ne4 13. cxd5 cxd5 14. Qb5+ Qd7 15.
Qxd7+ Kxd7 16. Nxe4 fxe4 17. f3 h3 18. Bh1 f5 19. fxe4 fxe4 20. Rac1 Rac8 21.
Nf4 g5 22. Rxc8 Rxc8 23. Nxe6 Kxe6 24. Re1 Rc2 25. Kf1 Rxh2 26. Kg1 Bxg3 27.
Rc1 Rd2 28. Rf1 g4 0-1

[Event "13e Festival CG Meurthe et Moselle"]
[Site "Nancy"]
[Date "2015.02.21"]
[Round "2.9"]
[White "Guliyev, Namig"]
[Black "Kreuscher, Wolfgang"]
[Result "1-0"]
[WhiteElo "2520"]
[BlackElo "2050"]
[PlyCount "37"]
[EventDate "2015.02.21"]
[EventType "swiss (blitz)"]
[EventRounds "11"]
[EventCountry "FRA"]

1. e4 c5 2. Nf3 d6 3. d4 cxd4 4. Nxd4 Nf6 5. Nc3 a6 6. Be3 e6 7. f4 Qc7 8. Qf3
Nbd7 9. g4 b5 10. g5 b4 11. Nd1 Nxe4 12. Qxe4 Bb7 13. Nxe6 fxe6 14. Qxe6+ Be7
15. Rg1 Nc5 16. Qh3 O-O 17. Nf2 Ne4 18. Nxe4 Bxe4 19. Qe6+ 1-0

[Event "13e Festival CG Meurthe et Moselle"]
[Site "Nancy"]
[Date "2015.02.21"]
[Round "3.1"]
[White "Fedorchuk, Sergey A."]
[Black "Calistri, Tristan"]
[Result "1-0"]
[WhiteElo "2730"]
[BlackElo "2280"]
[PlyCount "79"]
[EventDate "2015.02.21"]
[EventType "swiss (blitz)"]
[EventRounds "11"]
[EventCountry "FRA"]

1. e4 c5 2. Nf3 Nc6 3. Bb5 d6 4. O-O Bd7 5. Re1 Nf6 6. c3 a6 7. Bf1 Bg4 8. h3
Bxf3 9. Qxf3 g6 10. d3 Bg7 11. Be3 O-O 12. Nd2 Nd7 13. Qd1 b5 14. Nf3 b4 15.
Qa4 Qc7 16. Rac1 a5 17. d4 Rfc8 18. Qd1 bxc3 19. bxc3 a4 20. Ng5 h6 21. Nf3 a3
22. Qd2 Kh7 23. d5 Na5 24. Nh2 Ne5 25. c4 Rcb8 26. f4 Rb2 27. Qd1 Nd7 28. Rc2
Rab8 29. Rf2 Rxf2 30. Bxf2 Rb2 31. h4 h5 32. Nf3 Rxa2 33. e5 dxe5 34. fxe5 Nxe5
35. Bg3 Nxf3+ 36. Qxf3 Bd4+ 37. Kh2 e5 38. dxe6 Qe7 39. exf7 Kg7 40. Rxe7 1-0

[Event "13e Festival CG Meurthe et Moselle"]
[Site "Nancy"]
[Date "2015.02.21"]
[Round "3.2"]
[White "Doluhanova, Evgeniya"]
[Black "Bauer, Christian"]
[Result "1/2-1/2"]
[WhiteElo "2250"]
[BlackElo "2700"]
[PlyCount "91"]
[EventDate "2015.02.21"]
[EventType "swiss (blitz)"]
[EventRounds "11"]
[EventCountry "FRA"]

1. e4 Nc6 2. Nc3 e6 3. d4 Bb4 4. a3 Bxa3 5. bxa3 d6 6. f4 d5 7. e5 Nh6 8. Bd3
Na5 9. Nf3 c5 10. dxc5 Qc7 11. Be3 Bd7 12. O-O Ng4 13. Bd4 Nc6 14. Qd2 O-O-O
15. Rfb1 Kb8 16. a4 Na5 17. Qc1 Bc6 18. Qa3 Ka8 19. Rb5 f6 20. Qb4 Nc4 21. h3
fxe5 22. fxe5 Ngxe5 23. Nxe5 Nxe5 24. Rb6 Nxd3 25. cxd3 e5 26. Bf2 d4 27. a5 a6
28. Rb1 Rhf8 29. Qc4 Bd5 30. Qb4 Rb8 31. Rd6 Qf7 32. Rb2 Bc6 33. Qb6 dxc3 34.
Rc2 Qe8 35. Rxc3 e4 36. d4 Rf5 37. Rb3 Qf7 38. Rxc6 Rxf2 39. Rb1 Rxg2+ 40. Kxg2
Qf3+ 41. Kh2 Qf2+ 42. Kh1 Qf3+ 43. Kh2 Qe2+ 44. Kh1 Qf3+ 45. Kh2 Qf2+ 46. Kh1
1/2-1/2

[Event "13e Festival CG Meurthe et Moselle"]
[Site "Nancy"]
[Date "2015.02.21"]
[Round "3.3"]
[White "Feller, Sebastien"]
[Black "Mensch, Etienne"]
[Result "1-0"]
[WhiteElo "2660"]
[BlackElo "2230"]
[PlyCount "93"]
[EventDate "2015.02.21"]
[EventType "swiss (blitz)"]
[EventRounds "11"]
[EventCountry "FRA"]

1. d4 Nf6 2. Nf3 g6 3. g3 Bg7 4. Bg2 O-O 5. O-O c5 6. c4 cxd4 7. Nxd4 Nc6 8.
Nc3 Nxd4 9. Qxd4 d6 10. Qd3 Bf5 11. e4 Be6 12. b3 a6 13. Bd2 Ng4 14. Rab1 Rb8
15. a4 Qc8 16. Nd5 Bxd5 17. exd5 Ne5 18. Qe2 Bf6 19. h3 b5 20. cxb5 axb5 21. a5
b4 22. Rfc1 Qb7 23. a6 Qa8 24. Be3 Rfc8 25. Kh2 Nd7 26. Rc6 Nc5 27. Bxc5 dxc5
28. Rxc8+ Rxc8 29. d6 Qa7 30. Bb7 Re8 31. Rd1 Kf8 32. d7 Rd8 33. Bc6 c4 34.
bxc4 b3 35. Bb5 b2 36. Rb1 h5 37. Rxb2 h4 38. Rd2 Qc5 39. Qf3 Qb4 40. Ra2 hxg3+
41. fxg3 Qb1 42. Qg2 Bd4 43. Re2 e5 44. h4 Qa1 45. Ra2 Qb1 46. a7 g5 47. a8=Q
1-0

[Event "13e Festival CG Meurthe et Moselle"]
[Site "Nancy"]
[Date "2015.02.21"]
[Round "3.4"]
[White "Ravot, Sylvain"]
[Black "Dobrov, Vladimir"]
[Result "0-1"]
[WhiteElo "2220"]
[BlackElo "2603"]
[PlyCount "68"]
[EventDate "2015.02.21"]
[EventType "swiss (blitz)"]
[EventRounds "11"]
[EventCountry "FRA"]

1. d4 Nf6 2. c4 c5 3. d5 b5 4. Qc2 e6 5. e4 exd5 6. exd5 d6 7. Nc3 b4 8. Nce2
g6 9. Ng3 h5 10. h4 Bg7 11. Bd3 O-O 12. a3 Re8+ 13. N1e2 Ng4 14. axb4 cxb4 15.
Bg5 Qb6 16. O-O Ne5 17. Be3 Qd8 18. Bg5 Qc7 19. Rae1 Na6 20. Ne4 Nxd3 21. Qxd3
Bf5 22. N2g3 Nc5 23. Qf3 Bxe4 24. Nxe4 Nxe4 25. Rxe4 Rxe4 26. Qxe4 Bxb2 27. f4
Rc8 28. f5 Qxc4 29. Qe7 Bd4+ 30. Be3 Bxe3+ 31. Qxe3 Qc5 32. Qxc5 Rxc5 33. f6
Rxd5 34. Re1 Rf5 0-1

[Event "13e Festival CG Meurthe et Moselle"]
[Site "Nancy"]
[Date "2015.02.21"]
[Round "3.6"]
[White "Gopal, G.N.."]
[Black "Pucher, Sebastien"]
[Result "1-0"]
[WhiteElo "2538"]
[BlackElo "2210"]
[PlyCount "109"]
[EventDate "2015.02.21"]
[EventType "swiss (blitz)"]
[EventRounds "11"]
[EventCountry "FRA"]

1. e4 Nf6 2. e5 Nd5 3. d4 d6 4. Nf3 g6 5. Bc4 Nb6 6. Bb3 Bg7 7. O-O O-O 8. Qe2
a5 9. a4 Bg4 10. exd6 cxd6 11. c3 Nc6 12. h3 Bxf3 13. Qxf3 d5 14. Re1 e6 15.
Bf4 Ne7 16. Na3 Rc8 17. Nb5 Rc6 18. Rad1 Qd7 19. h4 h5 20. Rd3 Nc4 21. Re2 Nf5
22. Qh3 Qd8 23. Bg5 Qd7 24. Rf3 Ncd6 25. Bc2 Rb6 26. Bd3 Qc6 27. g4 hxg4 28.
Qxg4 Ne4 29. Bxe4 dxe4 30. Rxe4 Qc4 31. Na3 Qc6 32. Nb5 Qc4 33. Na3 Qc6 34. Re2
Qxa4 35. Kg2 Qc6 36. Kh2 Qd5 37. h5 gxh5 38. Qxh5 f6 39. Bf4 Rc6 40. Rh3 Rcc8
41. Nc2 Rcd8 42. Qg6 Rd7 43. Ne3 Nxe3 44. Rexe3 Qf5 45. Qg2 Qxf4+ 46. Reg3 Kf7
47. Rh7 Rg8 48. Kg1 Kf8 49. Rg6 e5 50. Qh3 f5 51. Qh5 exd4 52. Kf1 dxc3 53. Re6
Rd1+ 54. Qxd1 Kf7 55. Qd7+ 1-0

[Event "13e Festival CG Meurthe et Moselle"]
[Site "Nancy"]
[Date "2015.02.21"]
[Round "3.7"]
[White "Yankelevich, Lev"]
[Black "Guliyev, Namig"]
[Result "0-1"]
[WhiteElo "2206"]
[BlackElo "2520"]
[PlyCount "128"]
[EventDate "2015.02.21"]
[EventType "swiss (blitz)"]
[EventRounds "11"]
[EventCountry "FRA"]

1. d4 d5 2. c4 dxc4 3. e3 e5 4. Bxc4 exd4 5. exd4 Nf6 6. Qe2+ Be7 7. Nf3 O-O 8.
h3 Nbd7 9. O-O Nb6 10. Bb3 Nfd5 11. Nc3 Be6 12. Ne4 c6 13. Nc5 Bxc5 14. dxc5
Nd7 15. Bc2 Re8 16. Qd3 N5f6 17. Be3 Bd5 18. Nd2 Ne5 19. Qf5 a5 20. Rfd1 Qe7
21. Bd4 Ned7 22. Nf1 Be4 23. Bxe4 Qxe4 24. Qg5 h6 25. Qd2 a4 26. Ng3 Qg6 27.
Re1 Nd5 28. Rxe8+ Rxe8 29. Re1 Rxe1+ 30. Qxe1 Nf8 31. Kh2 Ne6 32. Be3 Qc2 33.
Qa5 Nxe3 34. fxe3 Nxc5 35. Nh5 Kh7 36. Qb4 Qf5 37. Ng3 Qe5 38. h4 b5 39. Kh3
Nd3 40. Qd2 Nxb2 41. Qc2+ g6 42. h5 Nc4 43. Qf2 Qe6+ 44. Kh2 Ne5 45. hxg6+ fxg6
46. Qf8 Ng4+ 47. Kh1 h5 48. e4 Qd7 49. Qf1 b4 50. e5 b3 51. axb3 axb3 52. Ne4
Qf5 53. Qd3 Qxe4 54. Qd7+ Kh6 55. Qd2+ g5 56. Qd6+ Qg6 57. Qf8+ Kh7 58. Qe7+
Qg7 59. Qe6 b2 60. Qf5+ Qg6 61. Qd7+ Kh6 62. g3 b1=Q+ 63. Kg2 Qgc2+ 64. Kf3
Qf1# 0-1

[Event "13e Festival CG Meurthe et Moselle"]
[Site "Nancy"]
[Date "2015.02.21"]
[Round "3.8"]
[White "Sebag, Marie"]
[Black "Cappon, John"]
[Result "1-0"]
[WhiteElo "2520"]
[BlackElo "2190"]
[PlyCount "73"]
[EventDate "2015.02.21"]
[EventType "swiss (blitz)"]
[EventRounds "11"]
[EventCountry "FRA"]

1. e4 e6 2. d4 d5 3. Nd2 Nf6 4. e5 Nfd7 5. Bd3 c5 6. c3 Nc6 7. Ngf3 f6 8. exf6
Nxf6 9. O-O Bd6 10. Re1 O-O 11. Nf1 Qe8 12. Ng3 Bxg3 13. hxg3 Qh5 14. Ne5 Qxd1
15. Rxd1 Nxe5 16. dxe5 Nd7 17. f4 b6 18. Bb5 Rf7 19. c4 d4 20. b4 Bb7 21. bxc5
bxc5 22. Rb1 Nb6 23. Bd2 Be4 24. Rb2 Rc8 25. Ba5 g5 26. Ba6 Rb8 27. fxg5 Rf5
28. Re1 Bd3 29. Bxb6 axb6 30. Rd2 Ra8 31. Bb5 Ra3 32. Bd7 Rxg5 33. Bxe6+ Kf8
34. Bd5 Ke7 35. Rf2 Rg7 36. e6 Rc3 37. Rf7+ 1-0

[Event "13e Festival CG Meurthe et Moselle"]
[Site "Nancy"]
[Date "2015.02.21"]
[Round "3.9"]
[White "Minko, Vladimir"]
[Black "Arun Prasad, S."]
[Result "0-1"]
[WhiteElo "2180"]
[BlackElo "2486"]
[PlyCount "73"]
[EventDate "2015.02.21"]
[EventType "swiss (blitz)"]
[EventRounds "11"]
[EventCountry "FRA"]

1. d4 Nf6 2. c4 e6 3. g3 c5 4. d5 exd5 5. cxd5 d6 6. Nc3 g6 7. Bg2 Bg7 8. Nf3
O-O 9. O-O Re8 10. h3 a6 11. a4 Nbd7 12. Nd2 Rb8 13. Nc4 Ne5 14. Na3 Nh5 15. e4
Bd7 16. g4 Nf6 17. g5 Nh5 18. f4 b5 19. fxe5 b4 20. Nc4 bxc3 21. bxc3 Bxe5 22.
Nxe5 Rxe5 23. Qd3 Qa5 24. Bd2 Rb3 25. Qf3 Be8 26. Rf2 Qb6 27. Kh2 Rb1 28. Rf1
Rxa1 29. Rxa1 Qb2 30. Qd1 Qb7 31. c4 Qe7 32. Rb1 h6 33. gxh6 Kh7 34. Qf3 Bxa4
35. Rb8 Nf6 36. Bc3 Nxd5 37. exd5 0-1

[Event "13e Festival CG Meurthe et Moselle"]
[Site "Nancy"]
[Date "2015.02.21"]
[Round "4.1"]
[White "Karagyozan, Edgar"]
[Black "Fedorchuk, Sergey A."]
[Result "0-1"]
[WhiteElo "2480"]
[BlackElo "2730"]
[PlyCount "92"]
[EventDate "2015.02.21"]
[EventType "swiss (blitz)"]
[EventRounds "11"]
[EventCountry "FRA"]

1. d4 Nf6 2. Nf3 e6 3. Nbd2 c5 4. e3 b6 5. Bd3 Bb7 6. O-O cxd4 7. exd4 Be7 8.
Qe2 d6 9. c3 a6 10. Re1 Nbd7 11. Ne4 Qc7 12. Ng3 O-O 13. Ng5 Rfe8 14. Nh5 Bf8
15. Nxf6+ Nxf6 16. Bf4 Qc6 17. f3 b5 18. Ne4 Nd5 19. Bd2 e5 20. dxe5 dxe5 21.
Rad1 Nf4 22. Bxf4 exf4 23. Qc2 h6 24. Nf2 Bc5 25. Be4 Qb6 26. Bxb7 Qxb7 27. Kf1
Bxf2 28. Qxf2 b4 29. c4 b3 30. a3 Qc6 31. Qd4 g5 32. c5 Rac8 33. Qd6 Rxe1+ 34.
Rxe1 Qxc5 35. Qxh6 Qb5+ 36. Kg1 Qf5 37. h4 g4 38. fxg4 Qxg4 39. Qg5+ Qxg5 40.
hxg5 Rc2 41. Re4 Rxb2 42. Rxf4 a5 43. Kh2 Ra2 44. Rf5 a4 45. Kh3 Rxa3 46. Rb5
b2+ 0-1

[Event "13e Festival CG Meurthe et Moselle"]
[Site "Nancy"]
[Date "2015.02.21"]
[Round "4.2"]
[White "Le Ruyet, Leopold"]
[Black "Feller, Sebastien"]
[Result "0-1"]
[WhiteElo "2410"]
[BlackElo "2660"]
[PlyCount "52"]
[EventDate "2015.02.21"]
[EventType "swiss (blitz)"]
[EventRounds "11"]
[EventCountry "FRA"]

1. e4 c5 2. Nf3 d6 3. d4 Nf6 4. Nc3 cxd4 5. Nxd4 a6 6. g3 e5 7. Nde2 Nbd7 8.
Bg2 b6 9. O-O Bb7 10. h3 Nc5 11. Bg5 Be7 12. Bxf6 Bxf6 13. Nd5 O-O 14. b4 Nd7
15. Qd3 Rc8 16. a4 Bxd5 17. exd5 a5 18. c3 g6 19. Rac1 Bg7 20. f4 Qc7 21. f5
Qc4 22. Qe3 axb4 23. cxb4 Qxb4 24. Rc6 Rcd8 25. Nc3 e4 26. Nxe4 Bd4 0-1

[Event "13e Festival CG Meurthe et Moselle"]
[Site "Nancy"]
[Date "2015.02.21"]
[Round "4.3"]
[White "Dobrov, Vladimir"]
[Black "Mullon, Jean-Baptiste"]
[Result "1-0"]
[WhiteElo "2603"]
[BlackElo "2400"]
[PlyCount "73"]
[EventDate "2015.02.21"]
[EventType "swiss (blitz)"]
[EventRounds "11"]
[EventCountry "FRA"]

1. Nf3 Nf6 2. c4 g6 3. g3 Bg7 4. Bg2 O-O 5. O-O c6 6. d4 d5 7. b3 Ne4 8. Bb2
Qa5 9. e3 Be6 10. Qe2 Nd7 11. Nfd2 f5 12. a4 Bf7 13. Nxe4 fxe4 14. Bh3 Nf6 15.
Nd2 g5 16. Ba3 Rae8 17. Rac1 Bh5 18. Be6+ Kh8 19. Qe1 Bf7 20. Bxf7 Rxf7 21.
cxd5 cxd5 22. Qe2 Qd8 23. Qb5 e5 24. dxe5 Ng4 25. Rc5 a6 26. Qe2 Nxe5 27. Qh5
Qd7 28. Rfc1 Qf5 29. Rxd5 Qxf2+ 30. Kh1 Nf3 31. Nxe4 Qxe3 32. Qxf7 Rf8 33. Bxf8
Qxc1+ 34. Kg2 Ne1+ 35. Kh3 g4+ 36. Kxg4 Qc8+ 37. Rd7 1-0